000 00770nam a2200265Ia 4500
003 OSt
005 20221005081042.0
006 a|||||r|||| 00| 0
007 ta
008 221004b |||||||| |||| 00| 0 eng d
024 _a27292
037 _cTextual
040 _aCRL
_cCRL
_beng
041 _2eng
_aeng
082 _aA0aR, N5
100 _aSen S N and others
_9610798
245 0 _aScience, philosophy and culture in historical perspective
260 _aNew Delhi
_bPHISPC
_c1995
300 _a185p
_ccm.
490 _a(PHISPC monograph series on history of philosophy , science and culture in India ,1)
650 _a PHILOSOPHY
650 _aSCIENCE
942 _hA0aR, N5
_cTEXL
_2cc
999 _c987122
_d987122